000 00677cab a2200229 4500
001 ABS53339
008 090401t1995 xxu||||| |||| 00| 0 eng d
035 _a(Sirsi) u3637
041 _aeng
100 _aBoylan, E.
245 _aManchester`s empty property initiative
260 _c1995
350 _a0
490 _aHousing and Planning Review
_v50(3) June/July 1995, 10-13(3)
520 _aDescribes how Manchester and its partners are pursuing a radical strategy to tackle empty properties and void dereliction.
650 _aEMPTY HOMES
650 _aEMPTY PROPERTY
650 _aMANCHESTER CC
690 _aURBAN RENEWAL
942 _n0
948 _c04/03/1997
999 _c2234
_d2234